[Event "Junior Online 4NCL Division 4"]
[Site "online"]
[Date "2020.05.07"]
[Round "4.17"]
[White "Demyan, Leo"]
[Black "Kuang, Felix"]
[Result "0-1"]
[WhiteElo "1157"]
[BlackElo "1247"]
[PlyCount "62"]
[EventDate "2020.05.07"]
[WhiteTeam "Watford 3"]
[BlackTeam "Hallfield School B"]

1. d4 Nf6 2. c4 c5 3. e3 cxd4 4. exd4 d6 5. Nc3 e6 6. Nf3 g6 7. Bg5 h6 8. Bxf6
Qxf6 9. Qc2 Bg7 10. Qd3 O-O 11. O-O-O b6 12. h4 h5 13. Ng5 Bh6 14. Qd2 Qe7 15.
g3 f6 16. Qd3 fxg5 17. hxg5 Bxg5+ 18. Kb1 Kg7 19. Bg2 d5 20. cxd5 Rxf2 21. Be4
Nd7 22. d6 Qxd6 23. Bxa8 Qb4 24. b3 Qa3 25. Ne2 Ba6 26. Qc2 Rxe2 27. Qxe2 Bxe2
28. Rd2 Bxd2 29. Rh2 Bd3+ 30. Ka1 Bc3+ 31. Rb2 Qxb2# 0-1

[Event "Junior Online 4NCL Division 4"]
[Site "online"]
[Date "2020.05.07"]
[Round "4.18"]
[White "Sareen, Rohan"]
[Black "Khandelwal, Akshaj"]
[Result "0-1"]
[WhiteElo "1187"]
[BlackElo "1150"]
[PlyCount "70"]
[EventDate "2020.05.07"]
[WhiteTeam "Hallfield School B"]
[BlackTeam "Watford 3"]

1. e4 c6 2. d4 d5 3. e5 Bf5 4. Bd3 Bxd3 5. cxd3 f6 6. exf6 Nxf6 7. Bg5 Qb6 8.
Bxf6 exf6 9. Qe2+ Be7 10. Qh5+ g6 11. Qh6 Qxb2 12. Qe3 Qxa1 13. Qc1 Qxd4 14.
Nd2 Bc5 15. f3 Qf2+ 16. Kd1 Be3 17. Qc3 Qxd2+ 18. Qxd2 Bxd2 19. Kxd2 Nd7 20.
Ne2 O-O-O 21. Nf4 Rhe8 22. Ne2 Nc5 23. d4 Ne6 24. Re1 c5 25. dxc5 Nxc5 26. Rc1
b6 27. Kc3 Rxe2 28. g3 Rxh2 29. a3 d4+ 30. Kc4 Kb7 31. Kb4 Nd3+ 32. Kb3 Nxc1+
33. Kb4 Rc8 34. Kb5 Rb2+ 35. Ka4 Rc4# 0-1

[Event "Junior Online 4NCL Division 4"]
[Site "online"]
[Date "2020.05.07"]
[Round "4.21"]
[White "Cimurs, Alexander"]
[Black "Cham, Alex"]
[Result "0-1"]
[WhiteElo "1337"]
[BlackElo "1307"]
[PlyCount "132"]
[EventDate "2020.05.07"]
[WhiteTeam "Leicestershire Juniors 2"]
[BlackTeam "St Albans Early Knights 3"]

1. e4 c6 2. f3 d5 3. Nc3 Nf6 4. Bd3 Nbd7 5. Nh3 Nc5 6. Ng5 dxe4 7. fxe4 Nxd3+
8. cxd3 Qxd3 9. Qb3 Be6 10. Qxb7 Rd8 11. Qxc6+ Bd7 12. Qb7 e6 13. Qxa7 Bb4 14.
Qe3 Qxe3+ 15. dxe3 Bxc3+ 16. bxc3 Ba4 17. O-O h6 18. Nf3 Nxe4 19. c4 O-O 20.
Ba3 Rfe8 21. c5 Rc8 22. Rac1 Red8 23. Rc4 Nd2 24. Nxd2 Bb5 25. Rc2 Bxf1 26.
Nxf1 Rd1 27. c6 Rb1 28. c7 Rb7 29. Bd6 f6 30. a4 Kf7 31. a5 Ke8 32. a6 Ra7 33.
Nd2 Rxa6 34. Rc5 Rxd6 35. Nc4 Rd7 36. Nb6 Rdxc7 37. Rb5 Rc1+ 38. Kf2 R8c2+ 39.
Kf3 Rf1+ 40. Kg3 Rg1 41. Na4 Rgxg2+ 42. Kf4 Rcf2+ 43. Ke4 Rg4+ 44. Kd3 Rxa4 45.
Rb7 Rxh2 46. Rxg7 Ra3+ 47. Kd4 Rh4+ 48. Kc5 Rxe3 49. Kd6 Rd4+ 50. Kc5 Rd7 51.
Rg8+ Kf7 52. Rb8 Rc3+ 53. Kb4 Rc1 54. Kb5 Rb1+ 55. Kc6 Rxb8 56. Kxd7 Re8 57.
Kd6 e5 58. Kd7 e4 59. Kc7 e3 60. Kc6 e2 61. Kd6 e1=Q 62. Kd7 Qd1+ 63. Kc7 Re2
64. Kb6 Rc2 65. Ka5 Qb1 66. Ka6 Ra2# 0-1

[Event "Junior Online 4NCL Division 4"]
[Site "online"]
[Date "2020.05.07"]
[Round "4.22"]
[White "Owladi, Dara"]
[Black "Datoo, Noor"]
[Result "1-0"]
[WhiteElo "1277"]
[BlackElo "1307"]
[PlyCount "75"]
[EventDate "2020.05.07"]
[WhiteTeam "St Albans Early Knights 3"]
[BlackTeam "Leicestershire Juniors 2"]

1. e4 e5 2. Nc3 Nf6 3. f4 Nc6 4. Nf3 Bc5 5. fxe5 Ng4 6. d4 Bb4 7. h3 Bxc3+ 8.
bxc3 Nh6 9. Bxh6 gxh6 10. d5 Ne7 11. d6 cxd6 12. exd6 Ng6 13. Bc4 Qb6 14. Qd4
Qb2 15. O-O Qxc2 16. Bb3 Qb2 17. Qb4 Qe2 18. Qc4 Qxc4 19. Bxc4 Nf4 20. Ne5 Ne6
21. Nxf7 Rg8 22. Nxh6 Rg6 23. Ng4 b6 24. Bd5 Rb8 25. Nf6+ Kd8 26. Nxh7 Ba6 27.
c4 b5 28. Rab1 b4 29. Nf8 Rg8 30. Nxe6+ dxe6 31. Bxe6 Bb7 32. Bxg8 Kd7 33. Rxb4
a5 34. Rb5 Kxd6 35. Bd5 Kc7 36. Rf7+ Kc8 37. Rbxb7 Ra8 38. Rf8# 1-0

[Event "Junior Online 4NCL Division 4"]
[Site "online"]
[Date "2020.05.07"]
[Round "4.23"]
[White "Eradi, Madhav"]
[Black "Vitvitska, Vasylyna"]
[Result "0-1"]
[WhiteElo "1225"]
[BlackElo "1187"]
[PlyCount "36"]
[EventDate "2020.05.07"]
[WhiteTeam "Leicestershire Juniors 2"]
[BlackTeam "St Albans Early Knights 3"]

1. e4 e5 2. Nf3 Nc6 3. Bc4 Nd4 4. c3 Nxf3+ 5. Qxf3 Nf6 6. O-O Bc5 7. b4 Bb6 8.
Rd1 O-O 9. d4 exd4 10. cxd4 d6 11. e5 Bg4 12. Qf4 dxe5 13. Qxe5 Bxd1 14. Nc3
Bxd4 15. Qg3 Ne4 16. Nxe4 Bxa1 17. Bh6 Bc2 18. Qxg7+ Bxg7 0-1

[Event "Junior Online 4NCL Division 4"]
[Site "online"]
[Date "2020.05.07"]
[Round "4.24"]
[White "Demura, Dmitrii"]
[Black "Masood, Rameen"]
[Result "0-1"]
[WhiteElo "1142"]
[BlackElo "1097"]
[PlyCount "32"]
[EventDate "2020.05.07"]
[WhiteTeam "St Albans Early Knights 3"]
[BlackTeam "Leicestershire Juniors 2"]

1. e4 e6 2. Nf3 Nf6 3. Nc3 d5 4. exd5 exd5 5. d4 Nc6 6. Bg5 Bb4 7. Bb5 Bg4 8.
O-O O-O 9. Nxd5 Qxd5 10. c4 Qf5 11. d5 Ne5 12. Re1 Nxf3+ 13. gxf3 Bxf3 14. Qd4
Bxe1 15. Rxe1 Qxg5+ 16. Kf1 Qg2# 0-1

[Event "Junior Online 4NCL Division 4"]
[Site "online"]
[Date "2020.05.07"]
[Round "4.25"]
[White "Cham, Alex"]
[Black "Cimurs, Alexander"]
[Result "0-1"]
[WhiteElo "1307"]
[BlackElo "1337"]
[PlyCount "54"]
[EventDate "2020.05.07"]
[WhiteTeam "St Albans Early Knights 3"]
[BlackTeam "Leicestershire Juniors 2"]

1. d4 d5 2. Bf4 Nc6 3. c3 b5 4. e3 Bf5 5. Bxb5 Bd7 6. Nf3 a6 7. Ba4 Qb8 8. Qc2
Nf6 9. Nbd2 g6 10. Ne5 Nxe5 11. Bxe5 Bxa4 12. Qxa4+ Nd7 13. Bxh8 f6 14. Nf3
Qxb2 15. O-O Qxc3 16. Qc6 Qxc6 17. Rac1 Qa4 18. Rxc7 Qxa2 19. Rfc1 Nb6 20. R7c2
Qa4 21. Rc5 e6 22. Rc6 Ba3 23. R1c2 Kf7 24. Rc7+ Nd7 25. Rd2 Rb8 26. h3 Bd6 27.
Ra7 Rb1+ 0-1

[Event "Junior Online 4NCL Division 4"]
[Site "online"]
[Date "2020.05.07"]
[Round "4.26"]
[White "Datoo, Noor"]
[Black "Owladi, Dara"]
[Result "0-1"]
[WhiteElo "1307"]
[BlackElo "1277"]
[PlyCount "98"]
[EventDate "2020.05.07"]
[WhiteTeam "Leicestershire Juniors 2"]
[BlackTeam "St Albans Early Knights 3"]

1. e4 e5 2. Nf3 Nc6 3. Nc3 Nf6 4. Bc4 Bc5 5. d3 h6 6. Be3 Bb6 7. d4 exd4 8.
Bxd4 Ba5 9. Ne5 Nxe5 10. Bxe5 d6 11. Qd5 Nxd5 12. Bxd5 dxe5 13. O-O-O Qg5+ 14.
Kb1 Bxc3 15. bxc3 O-O 16. h4 Qxg2 17. Rhg1 Qxf2 18. Rdf1 Qb6+ 19. Kc1 Bh3 20.
Re1 a5 21. Rg3 Qf2 22. Reg1 Be6 23. Rxg7+ Kh8 24. Bxe6 fxe6 25. R7g6 Qxh4 26.
R1g4 Qe7 27. Rxh6+ Qh7 28. Rgh4 Rf7 29. Rxh7+ Rxh7 30. Rg4 Rg8 31. Rxg8+ Kxg8
32. Kb2 Kf7 33. Kb3 Rh4 34. c4 Rxe4 35. c3 c6 36. a3 b5 37. cxb5 cxb5 38. a4
Rxa4 39. c4 Rxc4 40. Ka3 Ke7 41. Kb3 Kd6 42. Ka3 Kd5 43. Kb3 a4+ 44. Ka3 Kd4
45. Kb2 Kd3 46. Ka2 Rc1 47. Kb2 Kd2 48. Ka2 Kc3 49. Ka3 Ra1# 0-1

[Event "Junior Online 4NCL Division 4"]
[Site "online"]
[Date "2020.05.07"]
[Round "4.27"]
[White "Vitvitska, Vasylyna"]
[Black "Eradi, Madhav"]
[Result "0-1"]
[WhiteElo "1187"]
[BlackElo "1225"]
[PlyCount "64"]
[EventDate "2020.05.07"]
[WhiteTeam "St Albans Early Knights 3"]
[BlackTeam "Leicestershire Juniors 2"]

1. e4 e5 2. f4 Qh4+ 3. g3 Qf6 4. Nf3 exf4 5. gxf4 Qxf4 6. d4 Qxe4+ 7. Be2 b6 8.
Nc3 Qe6 9. Rg1 Bb7 10. Ng5 Qe7 11. Bf4 Nf6 12. Bxc7 h6 13. Nf3 Bxf3 14. Qd2 d5
15. Be5 Bxe2 16. Qxe2 Nfd7 17. Nxd5 Qe6 18. Nc7+ Kd8 19. Nxe6+ fxe6 20. O-O-O
Be7 21. Bxg7 Bg5+ 22. Kb1 Rg8 23. Be5 Nc6 24. d5 exd5 25. Rxd5 Re8 26. Rgd1 Re7
27. Qb5 Rc8 28. Bg3 Rc7 29. Bxc7+ Kxc7 30. R1d2 Bxd2 31. Qf1 Re1+ 32. Qxe1 Bxe1
0-1

[Event "Junior Online 4NCL Division 4"]
[Site "online"]
[Date "2020.05.07"]
[Round "4.28"]
[White "Masood, Rameen"]
[Black "Demura, Dmitrii"]
[Result "1-0"]
[WhiteElo "1097"]
[BlackElo "1142"]
[PlyCount "55"]
[EventDate "2020.05.07"]
[WhiteTeam "Leicestershire Juniors 2"]
[BlackTeam "St Albans Early Knights 3"]

1. e4 e5 2. Nf3 Nc6 3. d4 exd4 4. Nxd4 Nxd4 5. Qxd4 Nf6 6. Nc3 b6 7. Bf4 Bc5 8.
Qe5+ Be7 9. Bc4 O-O 10. O-O-O Ng4 11. Qf5 d6 12. Qd5 Rb8 13. Rhe1 Bh4 14. g3
Nxf2 15. Rd2 Bxg3 16. hxg3 Ng4 17. Bg5 Qe8 18. Rf1 Ne3 19. Bxe3 Bb7 20. Qf5 Bc8
21. Qh5 g6 22. Qh2 Bb7 23. Nd5 b5 24. Rh1 h5 25. g4 bxc4 26. gxh5 gxh5 27. Qxh5
f5 28. Qh7# 1-0

[Event "Junior Online 4NCL Division 4"]
[Site "online"]
[Date "2020.05.07"]
[Round "4.31"]
[White "Masacorale, Jamie"]
[Black "Asryan, Kagik"]
[Result "0-1"]
[WhiteElo "1457"]
[BlackElo "1345"]
[PlyCount "60"]
[EventDate "2020.05.07"]
[WhiteTeam "Ojays E"]
[BlackTeam "Harrow Juniors C"]

1. d4 d5 2. Nf3 Bf5 3. Bf4 e6 4. e3 c5 5. c4 Nf6 6. cxd5 Nxd5 7. Nc3 Nxf4 8.
exf4 Nc6 9. dxc5 Bxc5 10. Bb5 O-O 11. O-O Nd4 12. Nxd4 Bxd4 13. Rc1 h6 14. Bd3
Bxd3 15. Qxd3 Bxf2+ 16. Rxf2 Qxd3 17. Rd1 Qe3 18. Kf1 Rfd8 19. Re1 Qd3+ 20. Kg1
Qc4 21. f5 exf5 22. Rxf5 Rd2 23. Kh1 Qg4 24. Rg1 Qxf5 25. h3 Re8 26. Nb1 Rxb2
27. Nc3 b5 28. a3 Re3 29. Nd1 Rxh3+ 30. gxh3 Qxh3# 0-1

[Event "Junior Online 4NCL Division 4"]
[Site "online"]
[Date "2020.05.07"]
[Round "4.32"]
[White "Paul, Alexandre"]
[Black "Kroening, Alexander"]
[Result "1/2-1/2"]
[WhiteElo "1352"]
[BlackElo "1435"]
[PlyCount "125"]
[EventDate "2020.05.07"]
[WhiteTeam "Harrow Juniors C"]
[BlackTeam "Ojays E"]

1. e4 e5 2. Nf3 Nc6 3. Nc3 d5 4. exd5 Nd4 5. Bb5+ Nxb5 6. Nxb5 e4 7. Qe2 Qe7 8.
Nfd4 a6 9. Nc3 Nf6 10. O-O Bg4 11. f3 exf3 12. Qxe7+ Bxe7 13. Re1 fxg2 14. Kxg2
Bd7 15. d3 Kd8 16. Bg5 h6 17. Bh4 c6 18. dxc6 bxc6 19. Re2 Bd6 20. Rae1 Kc7 21.
Bg3 Rhb8 22. b3 c5 23. Bxd6+ Kxd6 24. Ne4+ Kd5 25. Nf3 Nxe4 26. Rxe4 Kd6 27. d4
c4 28. R1e3 Rc8 29. Ne5 Be6 30. Nxc4+ Bxc4 31. bxc4 Kd7 32. c5 Rab8 33. Re7+
Kc6 34. c4 Rd8 35. d5+ Kxc5 36. a3 Rb2+ 37. Kh3 Kxc4 38. R7e4+ Kb5 39. a4+ Kb6
40. Rd4 Kb7 41. Rc3 Kb8 42. Rc6 Ka8 43. d6 Rd7 44. Rxa6+ Kb7 45. Ra5 Kb6 46.
Rdd5 Kb7 47. Rac5 Rb6 48. a5 Ra6 49. Rb5+ Ka8 50. Rdc5 Ka7 51. Rd5 Ka8 52. Kg3
Ka7 53. Kf3 Ka8 54. Kf4 Ka7 55. h4 Ka8 56. Kf5 Ka7 57. h5 Ka8 58. Ke4 Raxd6 59.
Kd4 Rxd5+ 60. Rxd5 Rxd5+ 61. Kxd5 g6 62. hxg6 fxg6 63. Ke4 1/2-1/2

[Event "Junior Online 4NCL Division 4"]
[Site "online"]
[Date "2020.05.07"]
[Round "4.33"]
[White "Li, Evan"]
[Black "Evans, Daniel"]
[Result "1-0"]
[WhiteElo "1435"]
[BlackElo "1270"]
[PlyCount "61"]
[EventDate "2020.05.07"]
[WhiteTeam "Ojays E"]
[BlackTeam "Harrow Juniors C"]

1. e4 c5 2. Nf3 d6 3. c3 Bg4 4. d4 Nd7 5. Bb5 cxd4 6. cxd4 a6 7. Ba4 b5 8. Bb3
e6 9. Bf4 e5 10. dxe5 dxe5 11. Bg3 Bb4+ 12. Nbd2 Ngf6 13. O-O Bxd2 14. Qxd2
Bxf3 15. gxf3 O-O 16. Rfd1 Re8 17. Bh4 Nxe4 18. Bxf7+ Kxf7 19. Qd5+ Kf8 20.
Bxd8 Raxd8 21. Qxe4 Nf6 22. Qb4+ Kg8 23. Rxd8 Rxd8 24. Re1 Rd4 25. Qb3+ Kh8 26.
Qc3 Rd8 27. Rxe5 h6 28. Re6 Nh5 29. Rxh6+ Kg8 30. Rxh5 Rd1+ 31. Kg2 1-0

[Event "Junior Online 4NCL Division 4"]
[Site "online"]
[Date "2020.05.07"]
[Round "4.34"]
[White "Laza, Andrei"]
[Black "Zeng, Rosa"]
[Result "1-0"]
[WhiteElo "1315"]
[BlackElo "1412"]
[PlyCount "75"]
[EventDate "2020.05.07"]
[WhiteTeam "Harrow Juniors C"]
[BlackTeam "Ojays E"]

1. e4 e5 2. Nf3 Nc6 3. Nc3 Bb4 4. Bb5 a6 5. Bxc6 bxc6 6. Nxe5 Bxc3 7. bxc3 Qe7
8. d4 d5 9. Nxc6 Qxe4+ 10. Be3 Qxg2 11. Rf1 Bh3 12. Qe2 Qe4 13. Rg1 g6 14. Qd2
Nf6 15. O-O-O O-O 16. Bg5 Nh5 17. Rde1 Qf3 18. Bh6 Rfe8 19. Rxe8+ Rxe8 20. Re1
Be6 21. Ne5 Qf6 22. Qe3 Rb8 23. Nc6 Rb6 24. Bg5 Qxg5 25. Qxg5 Bd7 26. Qd8+ Kg7
27. Qxd7 Nf6 28. Qxc7 Rb5 29. Re7 Rb6 30. Rxf7+ Kh6 31. Qf4+ Kh5 32. Rxf6 Rb1+
33. Kxb1 g5 34. Qg3 g4 35. h3 Kg5 36. Rf8 Kg6 37. Qxg4+ Kh6 38. Rf6# 1-0

[Event "Junior Online 4NCL Division 4"]
[Site "online"]
[Date "2020.05.07"]
[Round "4.35"]
[White "Asryan, Kagik"]
[Black "Masacorale, Jamie"]
[Result "1-0"]
[WhiteElo "1345"]
[BlackElo "1457"]
[PlyCount "37"]
[EventDate "2020.05.07"]
[WhiteTeam "Harrow Juniors C"]
[BlackTeam "Ojays E"]

1. e4 c5 2. d4 cxd4 3. c3 dxc3 4. Nxc3 Nc6 5. Bc4 e6 6. Bf4 Bb4 7. Nge2 Nf6 8.
a3 Bxc3+ 9. Nxc3 e5 10. Be3 d6 11. Nb5 Nxe4 12. Qd5 Qa5+ 13. b4 Nxb4 14. Qxf7+
Kd8 15. O-O Bd7 16. axb4 Qxb4 17. Bxa7 Bxb5 18. Bb6+ Kc8 19. Qc7# 1-0

[Event "Junior Online 4NCL Division 4"]
[Site "online"]
[Date "2020.05.07"]
[Round "4.36"]
[White "Kroening, Alexander"]
[Black "Paul, Alexandre"]
[Result "1-0"]
[WhiteElo "1435"]
[BlackElo "1352"]
[PlyCount "55"]
[EventDate "2020.05.07"]
[WhiteTeam "Ojays E"]
[BlackTeam "Harrow Juniors C"]

1. g4 e5 2. b3 d5 3. h3 Bc5 4. e3 Qh4 5. d4 Bb4+ 6. c3 Bd6 7. dxe5 Bxe5 8. Qxd5
Be6 9. Qxb7 Bxc3+ 10. Nxc3 Qe7 11. Qxa8 c6 12. Qxb8+ Qd8 13. Qxa7 Ne7 14. Ba3
O-O 15. Bxe7 Qe8 16. Bxf8 Qxf8 17. Bc4 Bxc4 18. bxc4 h6 19. O-O-O Qb4 20. Qa8+
Kh7 21. Kc2 Qxc4 22. Rd4 Qf1 23. Qxc6 Qxf2+ 24. Kd3 g6 25. Qe8 Kg7 26. Qe5+ Kg8
27. Rd8+ Kh7 28. Qh8# 1-0

[Event "Junior Online 4NCL Division 4"]
[Site "online"]
[Date "2020.05.07"]
[Round "4.37"]
[White "Evans, Daniel"]
[Black "Li, Evan"]
[Result "1-0"]
[WhiteElo "1270"]
[BlackElo "1435"]
[PlyCount "68"]
[EventDate "2020.05.07"]
[WhiteTeam "Harrow Juniors C"]
[BlackTeam "Ojays E"]

1. c4 Nf6 2. g3 d5 3. cxd5 Nxd5 4. Bg2 Bg4 5. Nc3 c6 6. Qa4 e6 7. Qxg4 Na6 8.
a3 f5 9. Qa4 Nc5 10. Qd1 Bd6 11. d4 Na6 12. e3 O-O 13. Nge2 Nac7 14. O-O Qf6
15. Nxd5 Nxd5 16. Nc3 Nxc3 17. bxc3 e5 18. Bb2 Rae8 19. Qb3+ Rf7 20. d5 e4 21.
dxc6 bxc6 22. c4 Qh6 23. Rad1 Ref8 24. a4 Bc7 25. c5 g5 26. Rd7 Bb8 27. Rxf7
Rxf7 28. Qxb8+ Rf8 29. Qe5 Qg6 30. Qh8+ Kf7 31. Qe5 Re8 32. Qc7+ Re7 33. Qa5 f4
34. exf4 gxf4 1-0

[Event "Junior Online 4NCL Division 4"]
[Site "online"]
[Date "2020.05.07"]
[Round "4.38"]
[White "Zeng, Rosa"]
[Black "Laza, Andrei"]
[Result "0-1"]
[WhiteElo "1412"]
[BlackElo "1315"]
[PlyCount "62"]
[EventDate "2020.05.07"]
[WhiteTeam "Ojays E"]
[BlackTeam "Harrow Juniors C"]

1. e4 e5 2. Nf3 Nc6 3. Nc3 Nf6 4. Bc4 Nxe4 5. Nxe4 d5 6. Bxd5 Qxd5 7. Nc3 Qd8
8. O-O Bg4 9. h3 Bh5 10. d3 Bd6 11. Be3 O-O 12. Ne4 Qd7 13. Ng3 Bg6 14. Qd2
Rae8 15. Rfe1 e4 16. Nh2 exd3 17. cxd3 Ne7 18. Bxa7 Bxg3 19. fxg3 Qxd3 20. Qb4
Nc6 21. Qxb7 Nxa7 22. Qxa7 Qxg3 23. Qd4 Rxe1+ 24. Rxe1 Qxe1+ 25. Nf1 Qb1 26.
Qf2 Qxa2 27. Kh2 Re8 28. Qd2 h6 29. Ng3 Qe6 30. h4 Qg4 31. Kg1 Qxg3 0-1

[Event "Junior Online 4NCL Division 4"]
[Site "online"]
[Date "2020.05.07"]
[Round "4.41"]
[White "Walker, Daniel"]
[Black "Surapaneni, Rohit"]
[Result "1-0"]
[WhiteElo "1382"]
[BlackElo "1465"]
[PlyCount "41"]
[EventDate "2020.05.07"]
[WhiteTeam "Robin Hoods 2"]
[BlackTeam "Cheshire8Y"]

1. e4 e5 2. Nf3 Nc6 3. Bc4 Bc5 4. c3 Nf6 5. d4 exd4 6. e5 Ng8 7. O-O dxc3 8.
Qd5 Qe7 9. Nxc3 Na5 10. Bg5 f6 11. exf6 Nxf6 12. Bxf6 gxf6 13. Rfe1 d6 14.
Rxe7+ Kxe7 15. Qf7+ Kd8 16. Nd5 Bd7 17. Nxf6 Be8 18. Qg7 Nxc4 19. Ng5 c6 20.
Ne6+ Kc8 21. Qc7# 1-0

[Event "Junior Online 4NCL Division 4"]
[Site "online"]
[Date "2020.05.07"]
[Round "4.42"]
[White "Sajid, Aryan"]
[Black "Wood, Ethan"]
[Result "1-0"]
[WhiteElo "1405"]
[BlackElo "1352"]
[PlyCount "65"]
[EventDate "2020.05.07"]
[WhiteTeam "Cheshire8Y"]
[BlackTeam "Robin Hoods 2"]

1. e4 e5 2. Nf3 Nc6 3. d4 d6 4. dxe5 dxe5 5. Qxd8+ Kxd8 6. Nc3 Be6 7. Be3 Nf6
8. O-O-O+ Ke7 9. Bb5 Bd7 10. Rhe1 a6 11. Ba4 Re8 12. Nd5+ Nxd5 13. Rxd5 f6 14.
Bb3 Kd8 15. Red1 Bd6 16. R5d2 Kc8 17. c4 Rd8 18. c5 Be7 19. Ne1 Rhe8 20. Nc2 h5
21. Na3 g5 22. f3 g4 23. Ba4 b5 24. Bb3 Rg8 25. Bxg8 Nb4 26. h3 gxf3 27. gxf3
Bxh3 28. Bb3 f5 29. Be6+ Kb8 30. Rxd8+ Bxd8 31. Rxd8+ Kb7 32. Bd5+ Ka7 33. c6#
1-0

[Event "Junior Online 4NCL Division 4"]
[Site "online"]
[Date "2020.05.07"]
[Round "4.43"]
[White "Golding, James"]
[Black "Jia, Ethan"]
[Result "0-1"]
[WhiteElo "1337"]
[BlackElo "1315"]
[PlyCount "46"]
[EventDate "2020.05.07"]
[WhiteTeam "Robin Hoods 2"]
[BlackTeam "Cheshire8Y"]

1. e4 e5 2. f4 exf4 3. Nf3 Nc6 4. d4 Nf6 5. Nc3 Bb4 6. Bd3 O-O 7. Bxf4 d6 8. a3
Bxc3+ 9. bxc3 Re8 10. Qe2 Bf5 11. e5 dxe5 12. dxe5 Nd5 13. Bg5 f6 14. exf6
Rxe2+ 15. Kxe2 Bxd3+ 16. cxd3 Nxf6 17. Rhe1 Qd6 18. Bxf6 Qxf6 19. Kf1 Qxc3 20.
Red1 Rd8 21. Ne1 Rf8+ 22. Kg1 Qd4+ 23. Kh1 Rf1# 0-1

[Event "Junior Online 4NCL Division 4"]
[Site "online"]
[Date "2020.05.07"]
[Round "4.44"]
[White "Idan, Tani"]
[Black "Brown, Charlie"]
[Result "1-0"]
[WhiteElo "1285"]
[BlackElo "1262"]
[PlyCount "52"]
[EventDate "2020.05.07"]
[WhiteTeam "Cheshire8Y"]
[BlackTeam "Robin Hoods 2"]

1. e4 e5 2. Nf3 Nf6 3. Nxe5 Nxe4 4. Qe2 Qe7 5. Qxe4 d6 6. Qa4+ Bd7 7. Qe4 Nc6
8. d4 f6 9. Nc3 dxe5 10. dxe5 fxe5 11. Nd5 Qd6 12. Bb5 a6 13. Bc4 Nd4 14. O-O
Bc6 15. c3 Bxd5 16. Bxd5 c6 17. Bc4 Nb5 18. Qf5 g6 19. Qf7+ Kd8 20. Bg5+ Kc8
21. Qe8+ Kc7 22. Qxa8 Kb6 23. Be3+ c5 24. b4 Nc7 25. bxc5+ Qxc5 26. Bxc5+ Kxc5
1-0

[Event "Junior Online 4NCL Division 4"]
[Site "online"]
[Date "2020.05.07"]
[Round "4.45"]
[White "Surapaneni, Rohit"]
[Black "Walker, Daniel"]
[Result "0-1"]
[WhiteElo "1465"]
[BlackElo "1382"]
[PlyCount "102"]
[EventDate "2020.05.07"]
[WhiteTeam "Cheshire8Y"]
[BlackTeam "Robin Hoods 2"]

1. e4 e6 2. d4 d5 3. e5 c5 4. c3 Nc6 5. Nf3 Qb6 6. Be2 Nh6 7. b3 Nf5 8. Bd3
cxd4 9. Bxf5 exf5 10. cxd4 Bb4+ 11. Bd2 Be7 12. O-O Nxd4 13. Re1 O-O 14. Nc3
Be6 15. Bf4 Nxf3+ 16. Qxf3 Rfd8 17. Red1 d4 18. Ne2 Rac8 19. Qg3 Kh8 20. Qd3
Bc5 21. h3 Rd5 22. Rac1 Bd7 23. a4 Rd8 24. Qc4 Be6 25. Qd3 R5d7 26. Rb1 Qa6 27.
Qc2 Bb4 28. Rd3 Qb6 29. Rbd1 Bc5 30. Qb2 Qb4 31. Kh2 Qb6 32. Kg1 Bd5 33. f3 Be4
34. fxe4 fxe4 35. R3d2 d3+ 36. Kh2 Bb4 37. Nc1 Bxd2 38. Qxd2 Qd4 39. Kh1 Rc8
40. Na2 Rc2 41. Qe1 Rxa2 42. Kh2 Qf2 43. Qxf2 Rxf2 44. Be3 Re2 45. Rc1 h6 46.
Rc8+ Kh7 47. Bc1 d2 48. Bxd2 Rdxd2 49. Ra8 Rxg2+ 50. Kh1 Rge2 51. Rxa7 Rd1# 0-1

[Event "Junior Online 4NCL Division 4"]
[Site "online"]
[Date "2020.05.07"]
[Round "4.46"]
[White "Wood, Ethan"]
[Black "Sajid, Aryan"]
[Result "1/2-1/2"]
[WhiteElo "1352"]
[BlackElo "1405"]
[PlyCount "132"]
[EventDate "2020.05.07"]
[WhiteTeam "Robin Hoods 2"]
[BlackTeam "Cheshire8Y"]

1. e4 e5 2. Nf3 Nc6 3. Bb5 a6 4. Bxc6 dxc6 5. Nxe5 Nf6 6. Nc3 Bd6 7. Nf3 O-O 8.
d4 Be7 9. Be3 Bg4 10. O-O Qd7 11. h3 Bh5 12. Re1 Rfe8 13. Qd3 Bg6 14. Rad1 Bb4
15. a3 Bxc3 16. bxc3 Nxe4 17. Rb1 Nxf2 18. Qf1 Ne4 19. Bd2 Bh5 20. Ne5 Nxd2 21.
Nxd7 Nxf1 22. Rxf1 Rad8 23. Ne5 f6 24. Nd3 b6 25. Nb4 c5 26. Nxa6 cxd4 27. Nxc7
Re7 28. Na6 Be2 29. Rfe1 dxc3 30. Nb4 Rde8 31. Nd5 Re5 32. Nxc3 Ba6 33. Rxb6
Rxe1+ 34. Kh2 Bc8 35. Nb5 R8e2 36. Rb8 Rxc2 37. Nd6 Rec1 38. a4 Kf8 39. a5 Ke7
40. Nxc8+ Rxc8 41. Rb7+ Kd8 42. Rxg7 Ra8 43. Rg8+ Kc7 44. Rxa8 Ra1 45. Ra7+ Kb8
46. Rxh7 Rxa5 47. Rh8+ Kc7 48. Rf8 Rf5 49. g4 Rf4 50. Kg3 Rf1 51. h4 Kd7 52. g5
Ke7 53. Rh8 fxg5 54. hxg5 Rg1+ 55. Kf4 Kf7 56. Rh6 Kg7 57. Kf5 Kg8 58. g6 Kg7
59. Rh7+ Kg8 60. Kf6 Rg2 61. Rc7 Rf2+ 62. Kg5 Rg2+ 63. Kf6 Rf2+ 64. Kg5 Rg2+
65. Kh6 Rh2+ 66. Kg5 Rg2+ 1/2-1/2

[Event "Junior Online 4NCL Division 4"]
[Site "online"]
[Date "2020.05.07"]
[Round "4.47"]
[White "Jia, Ethan"]
[Black "Golding, James"]
[Result "1-0"]
[WhiteElo "1315"]
[BlackElo "1337"]
[PlyCount "39"]
[EventDate "2020.05.07"]
[WhiteTeam "Cheshire8Y"]
[BlackTeam "Robin Hoods 2"]

1. d4 e5 2. dxe5 Nc6 3. Nf3 d5 4. exd6 cxd6 5. e4 Nf6 6. Nc3 d5 7. exd5 Nb4 8.
Qe2+ Be7 9. Qd1 Qxd5 10. Nxd5 Nfxd5 11. a3 Bf5 12. axb4 Nxb4 13. Bd3 Rd8 14.
Qe2 g6 15. Bxf5 gxf5 16. Qb5+ Kf8 17. Bh6+ Kg8 18. Qxf5 b6 19. Qg4+ Bg5 20.
Qxg5# 1-0

[Event "Junior Online 4NCL Division 4"]
[Site "online"]
[Date "2020.05.07"]
[Round "4.48"]
[White "Brown, Charlie"]
[Black "Idan, Tani"]
[Result "0-1"]
[WhiteElo "1262"]
[BlackElo "1285"]
[PlyCount "74"]
[EventDate "2020.05.07"]
[WhiteTeam "Robin Hoods 2"]
[BlackTeam "Cheshire8Y"]

1. e4 e5 2. Bc4 Nf6 3. d4 exd4 4. Qxd4 Nc6 5. Qc3 Nxe4 6. Qe3 Qe7 7. Nf3 Nf6 8.
Qxe7+ Bxe7 9. O-O d5 10. Bd3 O-O 11. Nc3 Bg4 12. Be2 d4 13. Nb5 Bxf3 14. Bxf3
Rac8 15. h3 a6 16. Na3 Rfe8 17. Nc4 Rcd8 18. Bf4 Bd6 19. Nxd6 cxd6 20. Bxc6
bxc6 21. Rad1 Re4 22. Bg3 c5 23. f3 Re2 24. Rde1 Rxc2 25. Bh4 Rxb2 26. Rf2 Rxf2
27. Bxf2 Nd5 28. Bg3 h6 29. h4 Nc3 30. a3 Na4 31. Rb1 Nc3 32. Rb6 Nb5 33. Rxa6
Kh8 34. Rb6 Nxa3 35. Bxd6 Nc4 36. Ra6 Rxd6 37. Rxd6 Nxd6 0-1

[Event "Junior Online 4NCL Division 4"]
[Site "online"]
[Date "2020.05.07"]
[Round "4.51"]
[White "Humphreys, Benjamin"]
[Black "Wang, Yong Gui"]
[Result "0-1"]
[WhiteElo "1255"]
[BlackElo "1600"]
[PlyCount "44"]
[EventDate "2020.05.07"]
[WhiteTeam "Robin Hoods 3"]
[BlackTeam "KJCA Young Kestrels D"]

1. c3 e5 2. e4 Nf6 3. d4 exd4 4. cxd4 Bb4+ 5. Bd2 Bxd2+ 6. Nxd2 O-O 7. e5 Nd5
8. Bc4 Nb6 9. Bb3 d6 10. Qe2 dxe5 11. dxe5 Nc6 12. e6 fxe6 13. Bxe6+ Bxe6 14.
Qxe6+ Kh8 15. Qe2 Re8 16. Ne4 Qd5 17. f3 Nd4 18. O-O-O Nxe2+ 19. Nxe2 Qxa2 20.
N2c3 Qe6 21. Ng5 Qe3+ 22. Rd2 Qxg5 0-1